Barbie - Emma - Statistiques

Statistiques générales
  • Ce quiz a été pris 33 fois
  • Le résultat moyen est 238 sur 360
Statistiques - réponses
Hint Réponse % Correct
je
100%
Pont Je
100%
me
88%
la
82%
La
82%
l'a
82%
ma
82%
te
82%
conne
76%
le
76%
mauvais
76%
message
76%
Refrain Mon
76%
mon
76%
ne
76%
Post-refrain Pa
76%
que
76%
sentir
76%
à
71%
belle
71%
ces
71%
c'est
71%
de
71%
Et
71%
font
71%
image
71%
mots
71%
pas
71%
plus
71%
rien
71%
suis
71%
tous
71%
tu
71%
Un
71%
visage
71%
assez
65%
bien
65%
comme
65%
comprendras
65%
elles
65%
être
65%
jour
65%
ou
65%
65%
65%
sans
65%
tes
65%
T'es
65%
tout
65%
blonde
59%
dit
59%
est
59%
femmes
59%
fois
59%
J'ai
59%
j'ai
59%
l'autre
59%
loin
59%
moi
59%
Moi
59%
qui
59%
qu'une
59%
toi
59%
toutes
59%
Trop
59%
trop
59%
voir
59%
voudrais
59%
bombe
53%
chemin
53%
c'que
53%
d'une
53%
fais
53%
forte
53%
jolie
53%
Pré-refrain J'veux
53%
m'sentir
53%
Couplet 2 On
53%
pour
53%
pourquoi
53%
revanche
53%
sois
53%
Tais-toi
53%
t'as
53%
T'en
53%
tracé
53%
Couplet 1 Chez
47%
déjà
47%
Devant
47%
écrit
47%
Essaye
47%
faux
47%
m'as
47%
photo
47%
rose
47%
sombre
47%
brillante
41%
j'réponde
41%
nouveau
41%
sais
41%
dérange
35%
démange
29%
Lam
29%
lam
29%
monde
29%
j'me
24%
sens
24%
J'le
18%
besoin
12%
cent
12%
change
12%
crierai
12%
m'entendra
12%
croies
6%
essayes
6%
J'lécrirai
6%
Aucun quiz correspondant
Distribution des résultats
% des personnes avec chaque résultat
Percentile par nombre de réponses
Votre historique - résultats
Vous n’avez pas pris ce quiz